000 00764nam a22001337a 4500
008 110608t xxu||||| |||| 00| 0 eng d
010 _aSCCAF23
245 _aSupreme Court Criminal Appeal No. 8 OF 1999 Mugoya Wilson Vs Uganda
260 _c1999
500 _aCoram: Oder, J.S.C; Tsekooko J.S.C; Karokora, J.S.C; Kanyeihamba, J.S.C; Mukasa-Kikonyogo, J.S.C
500 _aAppeal from the decision of Court of Appeal at Kampala before Berko, Engwau and Twinomujuni, JJ.A dated 16/2/99 in Criminal Appeal No.36 of 1998
999 _c2523
_d2523